MARC
| LEADER | 00000nam a2200000 a 4500 | ||
|---|---|---|---|
| 001 | UCR7609 | ||
| 003 | CL-VaPUC | ||
| 008 | 980519e19570000FR |||||||||||||||||fre|d | ||
| 082 | 0 | 4 | |a 330.1 |b BAU |2 21 |
| 100 | 0 | |a Baudin, Louis |e author |9 408927 | |
| 245 | 1 | 0 | |a Traité d'economie politique |
| 300 | |a 2 v | ||
| 942 | |c BK | ||
| 945 | |d 19980519 00:00:00 |a crobeson | ||
| 260 | |a París |b Dalloz |c 1957 | ||
| 650 | 0 | |a Economía |9 255568 | |
| 650 | 0 | |a Teoría económica |9 315055 | |
| 650 | 0 | |a Economía política |9 255814 | |
| 583 | |a last modification |c 19980519 00:00:00 |k Rodrigo Vera | ||
| 999 | |c 269200 |d 269198 | ||